Auschwitz : faschistisches Vernichtungslager.

Guardat en:
Dades bibliogràfiques
Format: Llibre
Idioma:alemany
Publicat: Warszawa : Interpress, copyr. 1988
Edició:3. erweiterte und verbesserte Aufl
Etiquetes: Afegir etiqueta
Sense etiquetes, Sigues el primer a etiquetar aquest registre!

MARC

LEADER 00000nam a22000007i 4500
001 IT\ICCU\TO0\0841732
003 ItRI
005 20260115231843.0
008 000703s1988 pl |||||| ||||| |||||c
020 |a 8322323786 
040 |b ita  |c importazione bologna sebina 
041 7 |a ger  |2 ISO-639-2 
245 0 0 |a Auschwitz :  |b faschistisches Vernichtungslager. 
250 |a 3. erweiterte und verbesserte Aufl 
260 |a Warszawa :  |b Interpress,  |c copyr. 1988 
300 |a 187 p., <2> c. di tav. ripieg., <64> p. di tav. :  |b ill. ;  |c 24 cm 
942 |2 ddc  |c BK  |n 0 
952 |0 0  |1 0  |4 0  |6 DOC_940_531000000000000_AUS  |7 0  |9 14318  |a BO  |b BO  |d 2026-01-15  |i 3721  |l 0  |o DOC 940.531 AUS  |p BO3721  |r 2026-01-15 23:18:43  |w 2026-01-15  |x [Sebina 7] [1 v.]  |y BK  |z 1 v. 
999 |c 12356  |d 12356